[Event "Cattolica op-B 8th"]
[Site "Cattolica"]
[Date "2021.05.31"]
[Round "5"]
[White "Catena, Marco"]
[Black "Genga, Secondo"]
[Result "1-0"]
[WhiteElo "1868"]
[BlackElo "1721"]
[PlyCount "53"]
[EventDate "2021.05.27"]
[EventType "swiss"]
[EventRounds "7"]
[EventCountry "ITA"]
[SourceTitle "CBM 203 Extra"]
[Source "ChessBase"]
[SourceDate "2021.09.30"]
[SourceVersion "1"]
[SourceVersionDate "2021.09.30"]
[SourceQuality "1"]

1. e4 c5 2. Nc3 Nc6 3. g3 g6 4. Bg2 Bg7 5. Nge2 e6 6. d3 Nge7 7. Bf4 d6 8. Qd2 0-0 9. 0-0 d5 10. exd5 Nxd5 11. Bh6 Nce7 12. Bxg7 Kxg7 13. Ne4 Qc7 14. c4 Nb4 15. Qc3+ e5 16. f4 Nbc6 17. Nxc5 Nd4 18. Nxd4 Qxc5 19. fxe5 Nc6 20. Rf4 Nxe5 21. b4 Qd6 22. c5 Qc7 23. Nb5 Qe7 24. Re1 f6 25. d4 Qd7 26. dxe5 Qxb5 27. exf6+ 1-0

[Event "Cattolica op-B 8th"]
[Site "Cattolica"]
[Date "2021.05.27"]
[Round "1"]
[White "Evilio, Lucia"]
[Black "Genga, Secondo"]
[Result "1/2-1/2"]
[WhiteElo "1443"]
[BlackElo "1721"]
[PlyCount "62"]
[EventDate "2021.05.27"]
[EventType "swiss"]
[EventRounds "7"]
[EventCountry "ITA"]
[SourceTitle "CBM 203 Extra"]
[Source "ChessBase"]
[SourceDate "2021.09.30"]
[SourceVersion "1"]
[SourceVersionDate "2021.09.30"]
[SourceQuality "1"]

1. c4 e5 2. g3 Nf6 3. Bg2 c6 4. Nc3 Bb4 5. a3 Bxc3 6. bxc3 d5 7. cxd5 cxd5 8. d4 e4 9. Nh3 Nbd7 10. 0-0 Nb6 11. f3 Bf5 12. Bg5 Qc8 13. Nf2 exf3 14. Bxf3 Qxc3 15. Bxf6 gxf6 16. Ng4 Ke7 17. Rc1 Qxa3 18. Rc7+ Nd7 19. Rxb7 h5 20. Rb3 Qd6 21. Ne3 Be6 22. Bxd5 Rag8 23. Nf5+ Bxf5 24. Rxf5 h4 25. Re3+ Kf8 26. Qb3 hxg3 27. Rxg3 Rxg3+ 28. hxg3 Qe7 29. Qf3 Qb4 30. Rf4 Qe1+ 31. Kg2 Qh1+ 1/2-1/2